Mort subite Numéros de départements et ... (1) - Statistiques

Statistiques générales
  • Ce quiz a été pris 113 fois
    85 depuis la dernière actualisation
  • Le résultat moyen est 9 sur 22
Answers on the Grid
Answers color-coded by a green-red scale on the quiz's grid according to % correct below.
16
11
14
22
06
26
15
03
19
01
2A
23
07
24
02
28
29
30
35
31
32
33
34
37
38
39
40
41
09
42
13
43
18
21
44
45
46
47
05
48
49
58
50
25
51
52
08
971
53
54
55
04
17
56
57
59
60
61
36
62
63
64
65
66
67
68
10
69
70
2B
71
72
73
74
75
76
77
78
79
974
12
80
81
82
83
84
976
85
86
87
88
89
90
91
92
93
94
95
972
973
27
 
Statistiques - réponses
Réponse % Correct
01
65%
02
54%
04
54%
10
53%
03
49%
07
49%
06
47%
08
46%
09
44%
12
44%
11
40%
38
40%
27
32%
28
32%
61
32%
36
30%
60
30%
89
30%
91
28%
37
26%
35
25%
78
25%
Aucun quiz correspondant
Distribution des résultats
% des personnes avec chaque résultat
Percentile par nombre de réponses
Votre historique - résultats
Vous n’avez pas pris ce quiz depuis la dernière actualisation